00494 2200193 4500001002100000005001500021035002000036245005200056100001700108250000700125300003400132700001600166260004500182082000800227084001400235020002200249600001700271990001200288INLIS00000000000335220260211084305 a0010-02260000181 aENSIKLOPEDIA BAHASA INDONESIA 2 /cMeilany, S.S0 aMeilany, S.S aII a136 hlm :bilus ;c21 x 30 cm0 aWeni Rahayu aJakarta :bPT. Mediantara Semesta,c2019 a903 a903 MEI e a978-602-8489-38-6 4aMeilany, S.S a0750980